workshop Manual (Record no. 991)

MARC details
000 -LEADER
Fixed length control field 00434nam a2200169 4500
003 - CONTROL NUMBER IDENTIFIER
Control field SEACOMEC
005 - DATE AND TIME OF LATEST TRANSACTION
Control field 20240503154312.0
008 - FIXED-LENGTH DATA ELEMENTS--GENERAL INFORMATION
Fixed length control field 240503b |||||||| |||| 00| 0 eng d
020 ## - INTERNATIONAL STANDARD BOOK NUMBER / ISBN
International Standard Book Number 9788183716475.
Price Rs.150.00
040 ## - CATALOGING SOURCE
Original cataloging agency SEACOMEC
082 ## - DEWEY DECIMAL CLASSIFICATION NUMBER
Classification number 621.815
Book Number K16
100 ## - MAIN ENTRY--PERSONAL NAME
Personal name Kannaiah, P.
245 1# - TITLE STATEMENT
Title workshop Manual
Statement of responsibility P Kannaiah,K.L. Narayana
260 ## - IMPRINT
Place of publication Chennai
Name of publisher Scitech
Date of publication 2004
650 ## - SUBJECT ADDED ENTRY--TOPICAL TERM
Topical term Mechanical Science
942 ## - ADDED ENTRY ELEMENTS (KOHA)
Koha item type Books
Holdings
Withdrawn status Lost status Source of classification Damaged status Not for loan Home library Current library Date acquired Total Checkouts Call number Accession number Date last seen Price effective from Koha item type Copy number
    Dewey Decimal Classification     SEACOM ENGINEERING COLLEGE SEACOM ENGINEERING COLLEGE 29/08/2007   621.815 K16 8383 03/05/2024 03/05/2024 Books  
    Dewey Decimal Classification     SEACOM ENGINEERING COLLEGE SEACOM ENGINEERING COLLEGE 29/08/2007   621.815 K16 8384 03/05/2024 03/05/2024 Books 1
    Dewey Decimal Classification     SEACOM ENGINEERING COLLEGE SEACOM ENGINEERING COLLEGE 29/08/2007   621.815 K16 8385 03/05/2024 03/05/2024 Books 2
© Seacom Engineering College, All rights reserved.      Powered by Koha